Programa de apoyo al plan decenal de educación MINERD-BID. Línea Base para la sistematización. Componente de apoyo a los aprendizajes en lectoescritura y matemática (Record no. 8226)

MARC details
000 -LEADER
campo de control de longitud fija 00530nam a2200133Ia 4500
001 - NÚMERO DE CONTROL
campo de control 3051
008 - DATOS DE LONGITUD FIJA--INFORMACIÓN GENERAL
campo de control de longitud fija 241024s9999 xx 000 0 und d
082 ## - NÚMERO DE LA CLASIFICACIÓN DECIMAL DEWEY
Número de clasificación RD/461.07/R426p
100 ## - ENTRADA PRINCIPAL--NOMBRE DE PERSONA
Nombre de persona República Dominicana.Ministerio de Educación. MINERD
245 #0 - MENCIÓN DEL TÍTULO
Título Programa de apoyo al plan decenal de educación MINERD-BID. Línea Base para la sistematización. Componente de apoyo a los aprendizajes en lectoescritura y matemática
260 ## - PUBLICACIÓN, DISTRIBUCIÓN, ETC.
Nombre del editor, distribuidor, etc. Santo Domingo, República Dominicana
Fecha de publicación, distribución, etc. 2013
901 ## - ELEMENTOS DE DATOS A LOCAL LDA (RLIN)
a 23/7/2013 9:35:14 a.m.

No items available.

© 2024. Todos los Derechos Reservados. Desarrollado por IDEICE